| 000 | 00992nam a22002657a 4500 | ||
|---|---|---|---|
| 001 | 7296 | ||
| 003 | FISKH | ||
| 005 | 20250708152445.0 | ||
| 008 | 250708b cb ||||| |||| 00| 0 eng d | ||
| 020 | _a9780545789479 | ||
| 040 |
_aFISKH _beng _cFISKH _dFISKH |
||
| 050 | _a TX770.P58 D42 | ||
| 082 | _a641.82 | ||
| 100 |
_aKrensky, Stephen _d(1953-) |
||
| 245 |
_aHistory of fun staff : _bThe deep dish on pizza! / _cBy Stephen krensky ; Illustrated by Daniel Guidera |
||
| 250 | _aThis edition first published in 2014 | ||
| 260 |
_aNew York : _bScholastic, _c2014 |
||
| 300 |
_a48 pages : _bcolor illustrations ; _c23 cm |
||
| 520 | _aYoung readers can chow down on a slice of mouthwatering history in this nonfiction reader all about pizza. A special section at the back includes relevant information on subjects like geography and science. | ||
| 650 |
_2Pizza _aFood |
||
| 650 |
_2History _aJuvenile |
||
| 700 |
_aGuidera, Daniel _dillustrator |
||
| 942 |
_2ddc _cBK _n0 |
||
| 999 |
_c7296 _d7296 |
||